Zimmerer, Jürgen, 1965-. Von Windhuk nach Auschwitz?. - Berlin [u.a.] : Lit. - 2011 [Rezension]
| Titel: | Zimmerer, Jürgen, 1965-. Von Windhuk nach Auschwitz?. - Berlin [u.a.] : Lit. - 2011 [Rezension] |
|---|---|
| Verfasser: | |
| In: |
Journal of genocide research, Band 14, Heft 1 (2012), Seite 115-118 alle Artikel anzeigen |
| Veröffentlicht: | 2012 |
| Format: | Aufsatz |
| Sprache: | Englisch |
| Hinweise zum Inhalt: |
zusätzliche Angaben
|
X
alg: 39505587
001A $01999:12-11-16
001B $01999:23-07-19 $t17:51:41.000
001D $01999:12-11-16
001U $0utf8
001X $00
002@ $0Aox
003@ $0395055873
007A $0395055873 $aHEB
007T $0Herdc0078055m
009P $A2 $3zusätzliche Angaben $uhttp://www.tandfonline.com/doi/pdf/10.1080/14623528.2012.656905
010@ $aeng
011@ $a2012
021A $aZimmerer, Jürgen, 1965-. Von Windhuk nach Auschwitz?. - Berlin {[u.a.] : Lit. - 2011 [Rezension]
028A $aFinzsch $dNorbert
031A $d14 $e1 $h115-118 $j2012
039B $aIn $8--Abvc--. Journal of genocide research. - Abingdon, Oxfordshire : Routledge, 1999-. - ISSN 1462-3528 $x201200000140001885 $9071389202
039T $8--Aau--Zimmerer, Jürgen$Z1965- [Tp3]. Von Windhuk nach Auschwitz?. - Berlin {[u.a.] : Lit, 2011. - 349 S.. - ISBN 3-8258-9055-4 $9181037246
045T $aJUDAICA $qDE-30 $2FID
045T $a7,7 $a8
lok: 39505587 78
exp: 39505587 78 1 #EPN
201B/01 $018-11-16 $t13:36:40.000
201U/01 $0utf8
203@/01 $0791354512
208@/01 $a12-11-16 $be
209A/01 $a/ $f000 $x00
220C/01 $aTitelaufnehmer: pg
220C/01 $aHerkunft: HI Marburg
244Z/01 $2Trx $#arvustused $#recenzijos $#Reviews $#recenziók $#recenzje $#recenzie $#recenze $8--Trx--Rezensionen $x01 $9391357441
244Z/01 $2Trx $8--Trx--elektronische Ressource $x02 $939138452X
247C/01 $82080>Marburg/Lahn, Herder-Institut, Forschungsbibliothek, Bibliographieportal $9336309341
| LEADER | 00000caa a22000002c 4500 | ||
|---|---|---|---|
| 001 | 395055873 | ||
| 003 | DE-603 | ||
| 005 | 20190723175141.0 | ||
| 007 | tu | ||
| 008 | 161112s2012 xx |||| | u00||u|eng c | ||
| 035 | |a (DE-599)HEB395055873 | ||
| 040 | |a DE-603 |b ger |c DE-603 |d DE-603 | ||
| 041 | |a eng | ||
| 084 | |a JUDAICA |q DE-30 |2 fid | ||
| 084 | |a 7,7 |a 8 |2 ssgn | ||
| 100 | 1 | |a Finzsch, Norbert | |
| 245 | 0 | 0 | |a Zimmerer, Jürgen, 1965-. Von Windhuk nach Auschwitz?. - Berlin [u.a.] : Lit. - 2011 [Rezension] |
| 264 | 0 | |c 2012 | |
| 773 | 0 | 8 | |i In |t Journal of genocide research |d Abingdon, Oxfordshire : Routledge, 1999- |x 1462-3528 |g Band 14, Heft 1 (2012), Seite 115-118 |w (DE-603)071389202 |w (DE-600)1452128-3 |
| 787 | 0 | 8 | |i Rezension von |a Zimmerer, Jürgen, 1965- |t Von Windhuk nach Auschwitz? |d Berlin [u.a.] : Lit, 2011 |h 349 S. |z 3825890554 |z 9783825890551 |w (DE-603)181037246 |
| 856 | 4 | 2 | |u http://www.tandfonline.com/doi/pdf/10.1080/14623528.2012.656905 |3 zusätzliche Angaben |
| 924 | 0 | |9 2080 |a (DE-603)791354512 |b DE-2080 |c HES |d d |g / | |


